|
|
|
|
| LEADER |
00000nam a2200000 a 4500 |
| 001 |
vtls001470377 |
| 003 |
SK-MaSNL |
| 005 |
20260302095214.0 |
| 008 |
251023s2003 xo a g 0 slo |
| 015 |
|
|
|a SNBE2004/02-00548
|
| 035 |
|
|
|a SNK000425682
|
| 040 |
|
|
|a SNK
|b slo
|c SNK
|e AACR2
|
| 041 |
0 |
|
|a slo
|
| 043 |
|
|
|a e-xo---
|
| 044 |
|
|
|a xo
|c SK
|
| 072 |
|
7 |
|a 76
|2 konspekt
|
| 080 |
|
|
|a 76
|2 1981
|
| 080 |
|
|
|a (437.6)
|2 1981
|
| 080 |
|
|
|a (083.824)
|2 1981
|
| 080 |
|
|
|a 76-053.2:06.063(083.9)=162.4=111
|2 2. slo
|
| 111 |
1 |
|
|a Karpatské bienále grafiky detí a mládeže
|n (2. :
|d 2003 :
|c Humenné, Slovensko)
|9 36358
|
| 245 |
1 |
|
|a 2. Karpatské bienále grafiky detí a mládeže
|b Maďarsko - Poľsko - Slovensko - Ukrajina
|c kurátorka bienále Mária Mišková ; preklad Mária Fedorcová
|
| 246 |
1 |
0 |
|a 2-nd childeren and youth Karpat biennal of grasphics
|
| 246 |
1 |
1 |
|a 2-nd chidren and youth Karpat biennal of graphics
|
| 246 |
1 |
3 |
|a Druhé Karpatské bienále grafiky detí a mládeže
|
| 250 |
|
|
|a [1. vyd.]
|
| 260 |
|
|
|a Humenné
|b [Vihorlatské osvetové stredisko]
|c 2003
|
| 300 |
|
|
|a [16] s.
|b ilustr.
|c 21 cm
|
| 500 |
|
|
|a Súbež. názov a text angl.
|
| 610 |
0 |
7 |
|a Karpatské bienále grafiky detí a mládeže
|a Humenné, Slovensko
|2 SNK
|9 768052
|
| 610 |
0 |
7 |
|a Karpatské bienále grafiky detí a mládeže
|b 2.
|d 2003
|2 SNK
|9 768053
|
| 611 |
1 |
7 |
|a Karpatské bienále grafiky detí a mládeže
|a Humenné, Slovensko
|2 SNK
|9 768054
|
| 611 |
1 |
7 |
|a Karpatské bienále grafiky detí a mládeže
|n 2.
|d 2003
|c Humenné, Slovensko
|2 SNK
|9 768055
|
| 650 |
0 |
7 |
|a grafika
|y stor. 21.
|2 SNK
|9 491260
|
| 650 |
0 |
7 |
|a grafika
|2 konspekt
|9 814
|
| 651 |
|
7 |
|a Humenné (Slovensko : okres)
|2 SNK
|9 22484
|
| 651 |
|
7 |
|a Humenné (Slovensko)
|2 SNK
|9 19199
|
| 655 |
|
7 |
|a katalógy výstav
|2 SNK
|9 70445
|
| 655 |
|
7 |
|a katalógy výstav
|2 SNK
|9 70445
|
| 700 |
1 |
|
|a Mišková, Mária,
|d 1954-
|4 kur
|9 29374
|
| 700 |
1 |
|
|a Fedorcová, Mária
|4 trl
|9 474750
|
| 710 |
2 |
|
|a Vihorlatské osvetové stredisko (Humenné, Slovensko)
|4 aut
|9 34152
|
| 999 |
|
|
|c 1216111
|d 1218041
|
| 952 |
|
|
|t P60, <03>, [BOOK], {603}
|a SNK
|b SNK
|y PREZ
|7 0
|p 17A0418016
|o snkOSB 13914
|i snkKSP 3588/2004
|0 0
|1 0
|4 0
|d 2004-03-10
|l 0
|r 2005-01-02 00:00:00
|w 2026-02-24
|
| 952 |
|
|
|t P60, <04>, [BOOK], {604}
|a SNK
|b SNK
|y VYP
|7 0
|p 17A0418021
|o snkOSB 13914 D1
|i snkKSP 3589/2004
|0 0
|1 0
|4 0
|d 2004-03-10
|l 0
|r 2005-01-02 00:00:00
|w 2026-02-24
|